| 000 | 00909nam a2200277 i 4500 | ||
|---|---|---|---|
| 001 | 177256 | ||
| 003 | ES-MaACL | ||
| 005 | 20250721145134.0 | ||
| 007 | t| | ||
| 008 | 110310s1969 fr abdf ||||1| fre d | ||
| 080 | _a551.58 | ||
| 100 | 1 |
_aDurand-Dastès, François. _946263 |
|
| 245 | 1 | 0 |
_aGéographie des airs / _cpar François Durand-Dastès. |
| 250 | _a[1re éd.]. | ||
| 260 |
_aParis : _bPresses Universitaires de France, _c1969. |
||
| 300 |
_a274, [8] p. de lám. bl. y n. : _bil. bl. y n. ; _c19 cm. |
||
| 490 | 1 |
_aMagellan. La Géographie et ses problèmes ; _v4 |
|
| 500 | _aÍndice. | ||
| 504 | _aBibliografía: p. 263-272. | ||
| 546 | _aTexto en francés. | ||
| 650 | 0 | 4 |
_aClimatología. _911122 |
| 650 | 0 | 7 |
_aMeteorología _2embne _915017 |
| 830 | 0 |
_aMagellan. La Géographie et ses problèmes ; _v4 _9182333 |
|
| 852 |
_aES-MaACL _jE-14663 _xOlim P-507 |
||
| 999 |
_c177256 _d177256 |
||